[Event "ODJM B 2023"]
[Site "Willingen GER"]
[Date "2023.05.31"]
[Round "5"]
[White "Bakó, Evelin"]
[Black "Yang, Markus"]
[Result "1-0"]
[Termination "normal"]
[Board "34"]
[WhiteElo "1162"]
[BlackElo "1518"]
[WhiteClock "00:27:50"]
[BlackClock "00:21:09"]
[PlyCount "117"]
[WhiteFideId "16271823"]
[BlackFideId "16206550"]
[EventCountry "GER"]
[EventRounds "9"]
[EventType "swiss"]
[EventDate "2023.05.27"]

1. d4 {[%clk 01:30:58]} e6 {[%clk 01:30:50]} {[%emt 00:00:10]} 2. Nf3 {[%clk
01:31:19]} {[%emt 00:00:09]} Nf6 {[%clk 01:30:55]} {[%emt 00:00:25]} 3. e3
{[%clk 01:31:15]} {[%emt 00:00:34]} c5 {[%clk 01:30:34]} {[%emt 00:00:52]} 4.
Bd3 {[%clk 01:30:43]} {[%emt 00:01:01]} Nc6 {[%clk 01:30:14]} {[%emt 00:00:51]}
5. b3 {[%clk 01:30:08]} {[%emt 00:01:05]} cxd4 {[%clk 01:29:35]} {[%emt
00:01:09]} 6. exd4 {[%clk 01:30:24]} {[%emt 00:00:13]} Bb4+ {[%clk 01:29:24]}
{[%emt 00:00:41]} 7. c3 {[%clk 01:30:27]} {[%emt 00:00:29]} Ba5 {[%clk
01:28:59]} {[%emt 00:00:54]} 8. O-O {[%clk 01:29:43]} {[%emt 00:01:14]} O-O
{[%clk 01:29:13]} {[%emt 00:00:16]} 9. Bb2 {[%clk 01:28:59]} {[%emt 00:01:14]}
d5 {[%clk 01:27:52]} {[%emt 00:01:51]} 10. Nbd2 {[%clk 01:22:21]} {[%emt
00:07:08]} a6 {[%clk 01:25:14]} {[%emt 00:03:08]} 11. Ne5 {[%clk 01:18:34]}
{[%emt 00:04:17]} Bc7 {[%clk 01:21:15]} {[%emt 00:04:29]} 12. f4 {[%clk
01:17:58]} {[%emt 00:01:06]} Nd7 {[%clk 01:18:54]} {[%emt 00:02:50]} 13. Rf3
{[%clk 01:12:24]} {[%emt 00:06:05]} f5 {[%clk 01:13:38]} {[%emt 00:05:45]} 14.
Rh3 {[%clk 01:10:13]} {[%emt 00:02:40]} Ndxe5 {[%clk 01:08:59]} {[%emt
00:05:11]} 15. dxe5 {[%clk 01:08:37]} {[%emt 00:02:05]} Qe8 {[%clk 01:06:00]}
{[%emt 00:03:30]} 16. Ba3 {[%clk 01:05:51]} {[%emt 00:03:16]} Rf7 {[%clk
01:01:18]} {[%emt 00:05:12]} 17. Nf3 {[%clk 01:03:29]} {[%emt 00:02:51]} Bb6+
{[%clk 00:54:16]} {[%emt 00:07:33]} 18. Kh1 {[%clk 01:03:22]} {[%emt 00:00:32]}
Be3 {[%clk 00:52:10]} {[%emt 00:02:41]} 19. Ng5 {[%clk 00:57:29]} {[%emt
00:06:21]} Bxf4 {[%clk 00:52:16]} {[%emt 00:00:26]} 20. Nxf7 {[%clk 00:57:51]}
{[%emt 00:00:06]} Qxf7 {[%clk 00:52:29]} {[%emt 00:00:19]} 21. Bd6 {[%clk
00:56:33]} {[%emt 00:01:48]} Bxe5 {[%clk 00:52:12]} {[%emt 00:00:48]} 22. Bxe5
{[%clk 00:56:55]} {[%emt 00:00:07]} Nxe5 {[%clk 00:52:35]} {[%emt 00:00:07]}
23. Be2 {[%clk 00:56:38]} {[%emt 00:00:44]} Bd7 {[%clk 00:49:13]} {[%emt
00:03:55]} 24. Rc1 {[%clk 00:46:05]} {[%emt 00:11:02]} Nc6 {[%clk 00:46:51]}
{[%emt 00:02:53]} 25. Rf3 {[%clk 00:44:08]} {[%emt 00:02:23]} e5 {[%clk
00:45:45]} {[%emt 00:01:40]} 26. Kg1 {[%clk 00:40:10]} {[%emt 00:04:28]} d4
{[%clk 00:43:09]} {[%emt 00:03:07]} 27. Bc4 {[%clk 00:36:23]} {[%emt 00:04:16]}
Be6 {[%clk 00:43:24]} {[%emt 00:00:15]} 28. Bxe6 {[%clk 00:36:08]} {[%emt
00:00:45]} Qxe6 {[%clk 00:43:51]} {[%emt 00:00:03]} 29. cxd4 {[%clk 00:36:26]}
{[%emt 00:00:11]} Nxd4 {[%clk 00:44:08]} {[%emt 00:00:13]} 30. Re3 {[%clk
00:35:01]} {[%emt 00:01:55]} Qb6 {[%clk 00:42:19]} {[%emt 00:02:20]} 31. Kf1
{[%clk 00:34:13]} {[%emt 00:01:18]} e4 {[%clk 00:36:35]} {[%emt 00:06:13]} 32.
Rec3 {[%clk 00:32:17]} {[%emt 00:02:18]} f4 {[%clk 00:33:11]} {[%emt 00:04:02]}
33. Rc8+ {[%clk 00:31:57]} {[%emt 00:00:51]} Rxc8 {[%clk 00:33:39]} {[%emt
00:00:02]} 34. Rxc8+ {[%clk 00:32:21]} {[%emt 00:00:06]} Kf7 {[%clk 00:33:59]}
{[%emt 00:00:10]} 35. Rc4 {[%clk 00:30:47]} {[%emt 00:01:59]} Nf5 {[%clk
00:29:35]} {[%emt 00:04:59]} 36. Qd7+ {[%clk 00:29:07]} {[%emt 00:02:10]} Kf6
{[%clk 00:29:32]} {[%emt 00:00:33]} 37. Rxe4 {[%clk 00:29:12]} {[%emt
00:00:24]} Ne3+ {[%clk 00:22:04]} {[%emt 00:07:58]} 38. Ke2 {[%clk 00:28:07]}
{[%emt 00:01:33]} Nf5 {[%clk 00:16:54]} {[%emt 00:05:42]} 39. Qd5 {[%clk
00:19:35]} {[%emt 00:08:51]} g5 {[%clk 00:09:19]} {[%emt 00:08:16]} 40. Qe5+
{[%clk 00:18:07]} {[%emt 00:01:54]} Kg6 {[%clk 00:09:22]} {[%emt 00:00:32]} 41.
Qe8+ {[%clk 00:17:46]} {[%emt 00:00:47]} Kg7 {[%clk 00:07:31]} {[%emt
00:02:25]} 42. Qd7+ {[%clk 00:11:17]} {[%emt 00:06:56]} Kf6 {[%clk 00:07:41]}
{[%emt 00:00:23]} 43. Qxh7 {[%clk 00:04:45]} {[%emt 00:07:00]} Qb5+ {[%clk
00:07:18]} {[%emt 00:00:55]} 44. Ke1 {[%clk 00:03:42]} {[%emt 00:01:31]} Qa5+
{[%clk 00:01:22]} {[%emt 00:06:28]} 45. b4 {[%clk 00:03:09]} {[%emt 00:01:04]}
Qxa2 {[%clk 00:00:44]} {[%emt 00:01:06]} 46. Qh8+ {[%clk 00:03:13]} {[%emt
00:00:23]} Kg6 {[%clk 00:27:31]} {[%emt 00:03:47]} 47. Qe8+ {[%clk 00:33:13]}
{[%emt 00:00:28]} Kf6 {[%clk 00:27:09]} {[%emt 00:00:53]} 48. Qd8+ {[%clk
00:31:53]} {[%emt 00:01:50]} Kg6 {[%clk 00:27:06]} {[%emt 00:00:34]} 49. Qe8+
{[%clk 00:29:54]} {[%emt 00:02:26]} Kf6 {[%clk 00:27:22]} {[%emt 00:00:17]} 50.
Qf8+ {[%clk 00:29:54]} {[%emt 00:00:28]} Kg6 {[%clk 00:27:07]} {[%emt
00:00:46]} 51. Qe8+ {[%clk 00:28:35]} {[%emt 00:01:49]} Kf6 {[%clk 00:26:51]}
{[%emt 00:00:46]} 52. Qe5+ {[%clk 00:28:25]} {[%emt 00:00:40]} Kg6 {[%clk
00:26:33]} {[%emt 00:00:49]} 53. Qe6+ {[%clk 00:28:24]} {[%emt 00:00:30]} Qxe6
{[%clk 00:27:00]} {[%emt 00:00:04]} 54. Rxe6+ {[%clk 00:28:47]} {[%emt
00:00:06]} Kf7 {[%clk 00:27:13]} {[%emt 00:00:17]} 55. Rb6 {[%clk 00:29:09]}
{[%emt 00:00:07]} Ne3 {[%clk 00:25:37]} {[%emt 00:02:07]} 56. g3 {[%clk
00:28:49]} {[%emt 00:00:51]} Nc2+ {[%clk 00:24:29]} {[%emt 00:01:38]} 57. Kf2
{[%clk 00:27:45]} {[%emt 00:01:34]} Ne3 {[%clk 00:21:46]} {[%emt 00:03:13]} 58.
Rxb7+ {[%clk 00:27:49]} {[%emt 00:00:26]} Kg8 {[%clk 00:21:09]} {[%emt
00:01:07]} 59. Rb6 {[%clk 00:27:50]} {[%emt 00:00:29]} 1-0

[Event "ODJM B 2023"]
[Site "Willingen GER"]
[Date "2023.05.31"]
[Round "5"]
[White "Fettig, Konrad"]
[Black "Fettig, Michel"]
[Result "0-1"]
[Termination "normal"]
[Board "35"]
[WhiteElo "1601"]
[BlackElo "1457"]
[WhiteClock "01:20:59"]
[BlackClock "00:57:17"]
[PlyCount "38"]
[WhiteFideId "34622888"]
[BlackFideId "34608982"]
[EventCountry "GER"]
[EventRounds "9"]
[EventType "swiss"]
[EventDate "2023.05.27"]

1. e4 {[%clk 01:30:30]} {[%emt 00:00:04]} e5 {[%clk 01:31:06]} {[%emt
00:00:25]} 2. Nf3 {[%clk 01:31:26]} {[%emt 00:00:05]} Nf6 {[%clk 01:28:53]}
{[%emt 00:02:42]} 3. Nxe5 {[%clk 01:31:13]} {[%emt 00:00:44]} Nc6 {[%clk
01:28:55]} {[%emt 00:00:28]} 4. Nxc6 {[%clk 01:31:13]} {[%emt 00:00:30]} dxc6
{[%clk 01:29:05]} {[%emt 00:00:20]} 5. Nc3 {[%clk 01:30:31]} {[%emt 00:01:13]}
Bc5 {[%clk 01:27:34]} {[%emt 00:02:00]} 6. Bc4 {[%clk 01:28:39]} {[%emt
00:02:14]} Ng4 {[%clk 01:26:56]} {[%emt 00:01:14]} 7. O-O {[%clk 01:25:34]}
{[%emt 00:01:35]} Qh4 {[%clk 01:27:19]} {[%emt 00:02:08]} 8. h3 {[%clk
01:24:34]} {[%emt 00:01:31]} Nxf2 {[%clk 01:24:36]} {[%emt 00:03:11]} 9. Rxf2
{[%clk 01:22:56]} {[%emt 00:02:05]} Qxf2+ {[%clk 01:21:53]} {[%emt 00:03:18]}
10. Kh1 {[%clk 01:23:14]} {[%emt 00:00:12]} O-O {[%clk 01:18:10]} {[%emt
00:04:13]} 11. d3 {[%clk 01:23:34]} {[%emt 00:00:10]} b5 {[%clk 01:09:15]}
{[%emt 00:09:26]} 12. Bb3 {[%clk 01:23:47]} {[%emt 00:00:16]} Be6 {[%emt
00:02:40]} 13. Bxe6 {[%clk 01:23:47]} {[%emt 00:00:06]} fxe6 {[%clk 01:07:56]}
{[%emt 00:00:02]} 14. Bd2 {[%clk 01:23:43]} {[%emt 00:00:28]} e5 {[%clk
01:05:39]} {[%emt 00:02:54]} 15. Qe1 {[%clk 01:22:21]} {[%emt 00:01:52]} Qxe1+
{[%clk 01:00:28]} {[%emt 00:05:41]} 16. Rxe1 {[%clk 01:22:48]} {[%emt
00:00:02]} Rf2 {[%clk 00:59:33]} {[%emt 00:01:25]} 17. Re2 {[%clk 01:21:42]}
{[%emt 00:00:13]} Rxe2 {[%clk 00:57:30]} {[%emt 00:03:57]} 18. Nxe2 {[%clk
01:20:54]} {[%emt 00:00:02]} Rf8 {[%clk 00:57:22]} {[%emt 00:01:53]} 19. Be1
{[%clk 01:20:59]} {[%emt 00:00:26]} Rf1+ {[%clk 00:57:17]} {[%emt 00:00:34]}
0-1

[Event "ODJM B 2023"]
[Site "Willingen GER"]
[Date "2023.05.31"]
[Round "5"]
[White "Aguike, Chidera"]
[Black "Kraus, Linus"]
[Result "0-1"]
[Termination "normal"]
[Board "36"]
[WhiteElo "1449"]
[BlackElo "1532"]
[WhiteClock "00:44:56"]
[BlackClock "00:11:28"]
[PlyCount "82"]
[WhiteFideId "34611339"]
[BlackFideId "34629629"]
[EventCountry "GER"]
[EventRounds "9"]
[EventType "swiss"]
[EventDate "2023.05.27"]

1. e4 {[%clk 01:30:59]} {[%emt 00:00:01]} e6 {[%clk 01:30:42]} {[%emt
00:00:19]} 2. d4 {[%clk 01:31:23]} {[%emt 00:00:04]} d5 {[%clk 01:31:08]}
{[%emt 00:00:04]} 3. Nc3 {[%clk 01:31:49]} {[%emt 00:00:05]} Nc6 {[%clk
01:30:38]} {[%emt 00:01:00]} 4. e5 {[%clk 01:31:37]} {[%emt 00:00:41]} a6
{[%clk 01:27:29]} {[%emt 00:03:40]} 5. Nf3 {[%clk 01:31:13]} {[%emt 00:00:54]}
Nge7 {[%clk 01:26:24]} {[%emt 00:01:34]} 6. Bd3 {[%clk 01:30:55]} {[%emt
00:00:48]} Nb4 {[%clk 01:23:09]} {[%emt 00:03:45]} 7. Be2 {[%clk 01:30:39]}
{[%emt 00:00:46]} c5 {[%clk 01:22:02]} {[%emt 00:01:38]} 8. dxc5 {[%clk
01:30:07]} {[%emt 00:01:02]} Ng6 {[%clk 01:21:51]} {[%emt 00:00:40]} 9. Be3
{[%clk 01:29:07]} {[%emt 00:01:30]} Nc6 {[%clk 01:20:43]} {[%emt 00:01:39]} 10.
Nd4 {[%clk 01:26:04]} {[%emt 00:03:33]} Ngxe5 {[%clk 01:18:48]} {[%emt
00:02:25]} 11. O-O {[%clk 01:24:58]} {[%emt 00:01:36]} Be7 {[%clk 01:17:48]}
{[%emt 00:01:29]} 12. Nxc6 {[%clk 01:24:16]} {[%emt 00:01:13]} Nxc6 {[%clk
01:18:10]} {[%emt 00:00:08]} 13. Na4 {[%clk 01:23:50]} {[%emt 00:00:56]} O-O
{[%clk 01:15:18]} {[%emt 00:03:21]} 14. c3 {[%clk 01:23:53]} {[%emt 00:00:28]}
Qc7 {[%clk 01:14:10]} {[%emt 00:01:38]} 15. g3 {[%clk 01:22:44]} {[%emt
00:01:39]} Rd8 {[%clk 01:11:37]} {[%emt 00:03:02]} 16. Nb6 {[%clk 01:22:34]}
{[%emt 00:00:41]} Rb8 {[%clk 01:10:46]} {[%emt 00:01:21]} 17. Bf3 {[%clk
01:21:05]} {[%emt 00:01:58]} Ne5 {[%clk 01:08:12]} {[%emt 00:03:05]} 18. b4
{[%clk 01:20:09]} {[%emt 00:01:25]} Nc4 {[%clk 01:04:26]} {[%emt 00:04:16]} 19.
Nxc4 {[%clk 01:20:00]} {[%emt 00:00:40]} dxc4 {[%clk 01:04:39]} {[%emt
00:00:17]} 20. Qe2 {[%clk 01:20:18]} {[%emt 00:00:11]} Bf6 {[%clk 01:02:33]}
{[%emt 00:02:37]} 21. Qxc4 {[%clk 01:19:51]} {[%emt 00:00:56]} Bd7 {[%clk
01:02:25]} {[%emt 00:00:39]} 22. Qb3 {[%clk 01:18:29]} {[%emt 00:01:51]} Bc6
{[%clk 01:01:58]} {[%emt 00:00:57]} 23. Bg2 {[%clk 01:17:36]} {[%emt 00:01:23]}
Bxg2 {[%clk 01:01:58]} {[%emt 00:00:31]} 24. Kxg2 {[%clk 01:17:56]} {[%emt
00:00:10]} Qc6+ {[%clk 01:02:15]} {[%emt 00:00:14]} 25. Kg1 {[%clk 01:18:13]}
{[%emt 00:00:11]} Rd3 {[%clk 01:01:53]} {[%emt 00:00:51]} 26. Rac1 {[%clk
01:17:50]} {[%emt 00:00:54]} Qf3 {[%clk 01:01:01]} {[%emt 00:01:20]} 27. Rfe1
{[%clk 01:16:16]} {[%emt 00:02:07]} Rbd8 {[%clk 00:59:33]} {[%emt 00:01:58]}
28. Qb2 {[%clk 01:12:28]} {[%emt 00:04:18]} h5 {[%clk 00:53:29]} {[%emt
00:06:34]} 29. Rc2 {[%clk 01:07:10]} {[%emt 00:05:47]} h4 {[%clk 00:49:14]}
{[%emt 00:04:46]} 30. gxh4 {[%clk 01:04:53]} {[%emt 00:02:47]} Bxh4 {[%clk
00:35:16]} {[%emt 00:14:27]} 31. Bd4 {[%clk 01:02:50]} {[%emt 00:02:34]} Qg4+
{[%clk 00:28:07]} {[%emt 00:07:39]} 32. Kf1 {[%clk 01:01:33]} {[%emt 00:01:45]}
Rh3 {[%clk 00:19:48]} {[%emt 00:08:49]} 33. Be5 {[%clk 01:00:25]} {[%emt
00:01:39]} Qc4+ {[%clk 00:18:47]} {[%emt 00:01:32]} 34. Kg2 {[%clk 00:59:03]}
{[%emt 00:01:52]} Qg4+ {[%clk 00:15:50]} {[%emt 00:03:27]} 35. Kf1 {[%clk
00:58:16]} {[%emt 00:01:16]} Rhd3 {[%clk 00:15:35]} {[%emt 00:00:46]} 36. Bg3
{[%clk 00:55:01]} {[%emt 00:03:45]} Rd1 {[%clk 00:14:25]} {[%emt 00:01:40]} 37.
Rc1 {[%clk 00:48:45]} {[%emt 00:06:46]} R8d2 {[%clk 00:13:57]} {[%emt
00:00:57]} 38. Qb1 {[%clk 00:47:03]} {[%emt 00:02:13]} Bxg3 {[%clk 00:11:05]}
{[%emt 00:03:22]} 39. Rcxd1 {[%clk 00:44:27]} {[%emt 00:03:05]} Rxf2+ {[%clk
00:11:13]} {[%emt 00:00:21]} 40. Kg1 {[%clk 00:44:44]} {[%emt 00:00:14]} Bh4+
{[%clk 00:11:36]} {[%emt 00:00:07]} 41. Kh1 {[%clk 00:44:56]} {[%emt 00:00:17]}
Qg2# {[%clk 00:11:28]} {[%emt 00:00:08]} 0-1

[Event "ODJM B 2023"]
[Site "Willingen GER"]
[Date "2023.05.31"]
[Round "5"]
[White "Frydel, Marcel"]
[Black "Stepanjan, Tatevik Mia"]
[Result "1-0"]
[Termination "normal"]
[Board "37"]
[WhiteElo "1346"]
[BlackElo "1206"]
[PlyCount "129"]
[WhiteFideId "16245733"]
[BlackFideId "16246128"]
[EventCountry "GER"]
[EventRounds "9"]
[EventType "swiss"]
[EventDate "2023.05.27"]

1. d4 d5 2. c4 e6 3. Nc3 Nf6 4. cxd5 exd5 5. Bg5 Be7 6. e3 h6 7. Bh4 Be6 8. Bd3
Nbd7 9. Qc2 c5 10. dxc5 Nxc5 11. Nge2 Nxd3+ 12. Qxd3 O-O 13. Nf4 g5 14. Nxe6
fxe6 15. Qg6+ Kh8 16. Qxh6+ Nh7 17. Bg3 Bf6 18. h4 g4 19. O-O Bxc3 20. bxc3 Qf6
21. Qh5 Qf5 22. Qxf5 Rxf5 23. Rab1 b6 24. Rb4 Rg8 25. Ra4 Rg7 26. Rd1 Nf6 27.
c4 Ne4 28. Rb4 Nxg3 29. fxg3 Re5 30. cxd5 exd5 31. Kf2 Kg8 32. Rdd4 Re4 33.
Rxe4 dxe4 34. Rxe4 Kf7 35. Rc4 Ke6 36. Ke2 Kd5 37. Kd3 b5 38. Rd4+ Ke5 39. Kc3
a6 40. Kb4 Rg8 41. Ka5 Rg6 42. a3 Kf5 43. Kb4 Re6 44. Rf4+ Ke5 45. Rxg4 Kd6 46.
e4 Ke5 47. h5 Rh6 48. Rh4 Kf6 49. g4 Kg5 50. g3 Re6 51. h6 Rxe4+ 52. Ka5 Re6
53. h7 Re8 54. h8=Q Rxh8 55. Rxh8 Kxg4 56. Rg8+ Kf3 57. g4 Kf4 58. Kxa6 b4 59.
axb4 Ke5 60. b5 Kd6 61. b6 Kc6 62. b7 Kc7 63. b8=Q+ Kc6 64. Rd8 Kc5 65. Qb5#
1-0

[Event "ODJM B 2023"]
[Site "Willingen GER"]
[Date "2023.05.31"]
[Round "5"]
[White "Claussen, Alexander"]
[Black "Rose, Simeon"]
[Result "1/2-1/2"]
[Termination "normal"]
[Board "38"]
[WhiteElo "1430"]
[BlackElo "1416"]
[PlyCount "47"]
[WhiteFideId "16248910"]
[BlackFideId "34625062"]
[EventCountry "GER"]
[EventRounds "9"]
[EventType "swiss"]
[EventDate "2023.05.27"]

1. d4 d5 2. Nf3 Bf5 3. e3 e6 4. Bd3 Bg4 5. Nbd2 c5 6. c3 Nf6 7. h3 Bh5 8. g4
Bg6 9. Bxg6 hxg6 10. Ne5 Nbd7 11. f4 cxd4 12. exd4 Bd6 13. Qe2 Rh4 14. Ndf3 Ne4
15. g5 Rh5 16. Qg2 Nxe5 17. fxe5 Be7 18. h4 Qc7 19. Bd2 Qb6 20. Bf4 Qb5 21. Qe2
Qxe2+ 22. Kxe2 f6 23. Rag1 Kf7 24. gxf6 1/2-1/2

[Event "ODJM B 2023"]
[Site "Willingen GER"]
[Date "2023.05.31"]
[Round "5"]
[White "Clauß, Annika"]
[Black "Sensoy, Emir"]
[Result "1-0"]
[Termination "normal"]
[Board "39"]
[WhiteElo "1466"]
[BlackElo "1418"]
[PlyCount "83"]
[WhiteFideId "16261380"]
[BlackFideId "34607390"]
[EventCountry "GER"]
[EventRounds "9"]
[EventType "swiss"]
[EventDate "2023.05.27"]

1. d4 Nf6 2. c4 e6 3. Nc3 b6 4. e3 Bb7 5. Nge2 d5 6. Ng3 Be7 7. f3 O-O 8. Be2
c5 9. cxd5 Nxd5 10. e4 Nxc3 11. bxc3 cxd4 12. c4 Nc6 13. O-O Rc8 14. f4 Bc5 15.
Bd3 Nb4 16. Bb2 Ba6 17. a3 Nxd3 18. Qxd3 Bd6 19. Rac1 Qe7 20. Kh1 f6 21. Rc2
Rfd8 22. a4 Bc5 23. Re1 e5 24. Nf5 Qe6 25. Qg3 Rc7 26. Nh6+ Kh8 27. f5 Qe7 28.
Ng4 d3 29. Bxe5 fxe5 30. Nxe5 Rd6 31. Nxd3 Rh6 32. Nxc5 Qxc5 33. Rd1 Rf6 34.
Rd8+ Rf8 35. Qxc7 Qb4 36. Rxf8+ Qxf8 37. Rd2 Bxc4 38. Rd8 Bg8 39. Rxf8 b5 40.
Qb8 h6 41. Rxg8+ Kh7 42. Rh8# 1-0

[Event "ODJM B 2023"]
[Site "Willingen GER"]
[Date "2023.05.31"]
[Round "5"]
[White "Laux, Filip"]
[Black "Reuter, Luca Marek"]
[Result "1/2-1/2"]
[Termination "normal"]
[Board "40"]
[WhiteElo "1407"]
[BlackElo "1570"]
[PlyCount "74"]
[WhiteFideId "16275730"]
[BlackFideId "16226712"]
[EventCountry "GER"]
[EventRounds "9"]
[EventType "swiss"]
[EventDate "2023.05.27"]

1. e4 e5 2. Nf3 Nc6 3. Bc4 Bc5 4. c3 Nf6 5. d3 d6 6. Nbd2 a6 7. Bb3 Ba7 8. O-O
O-O 9. Re1 Ng4 10. Re2 Be6 11. h3 Nf6 12. Nf1 Nh5 13. Bxe6 fxe6 14. Qb3 Qd7 15.
N1h2 h6 16. Bd2 Nf4 17. Bxf4 Rxf4 18. Qxb7 Rff8 19. Qb3 Kh8 20. Rd1 Ne7 21. d4
exd4 22. Nxd4 e5 23. Ndf3 Ng6 24. Qc4 Nf4 25. Ree1 Qe7 26. b4 Bb6 27. a3 g5 28.
Qf1 Qe6 29. Rc1 Rf7 30. c4 Qe7 31. Rc3 h5 32. g3 Ne6 33. Re2 Raf8 34. Qg2 Qd7
35. Rd3 Nd4 36. Nxd4 Bxd4 37. Rf3 Qa4 1/2-1/2

[Event "ODJM B 2023"]
[Site "Willingen GER"]
[Date "2023.05.31"]
[Round "5"]
[White "Albayrak, Melissa"]
[Black "Sperling, Max"]
[Result "0-1"]
[Termination "normal"]
[Board "41"]
[WhiteElo "1362"]
[BlackElo "1527"]
[PlyCount "68"]
[WhiteFideId "16255283"]
[BlackFideId "34660372"]
[EventCountry "GER"]
[EventRounds "9"]
[EventType "swiss"]
[EventDate "2023.05.27"]

1. e4 e6 2. d4 d5 3. e5 c5 4. c3 Nc6 5. Nf3 Qb6 6. Be2 cxd4 7. cxd4 Nge7 8. Bd3
Bd7 9. Bc2 Nb4 10. Na3 Nxc2+ 11. Nxc2 Bb5 12. Bd2 Nc6 13. Bc3 a5 14. a3 Be7 15.
Qd2 O-O 16. h4 a4 17. g4 Rfc8 18. g5 Na5 19. Rb1 Be8 20. h5 Nc4 21. Qc1 g6 22.
Nh4 Qc7 23. hxg6 fxg6 24. Nf3 Nxb2 25. Bxb2 Qxc2 26. O-O Qf5 27. Qe3 Bb5 28.
Rfd1 Rf8 29. Nh2 Bxg5 30. Qg3 Bf4 31. Qg2 Bd3 32. Ra1 Be4 33. f3 Bxh2+ 34. Qxh2
Bxf3 0-1

[Event "ODJM B 2023"]
[Site "Willingen GER"]
[Date "2023.05.31"]
[Round "5"]
[White "Golke, Philipp"]
[Black "Andresen, Eric"]
[Result "0-1"]
[Termination "normal"]
[Board "42"]
[WhiteElo "1374"]
[BlackElo "1526"]
[PlyCount "93"]
[WhiteFideId "34625259"]
[BlackFideId "34641360"]
[EventCountry "GER"]
[EventRounds "9"]
[EventType "swiss"]
[EventDate "2023.05.27"]

1. e4 e5 2. Nf3 Nc6 3. Bc4 Nf6 4. Ng5 d5 5. exd5 Na5 6. Bb5+ c6 7. dxc6 bxc6 8.
Bd3 Nd5 9. Ne4 Nf4 10. Qf3 Nxd3+ 11. Qxd3 Qxd3 12. cxd3 Ba6 13. Ke2 Rd8 14.
Nbc3 Rxd3 15. Ke1 f5 16. Ng3 g6 17. b3 Bh6 18. Kd1 O-O 19. Kc2 Rfd8 20. Rd1 e4
21. Ncxe4 fxe4 22. Nxe4 Nb7 23. Nf6+ Kf7 24. Ng4 Bg7 25. Rb1 Rg3 26. Nh6+ Kf8
27. Ba3+ c5 28. fxg3 Bd3+ 29. Kc1 Bxb1 30. Kxb1 Bxh6 31. d4 Kg8 32. d5 Bg7 33.
d6 Bd4 34. b4 Rxd6 35. bxc5 Bxc5 36. Rxd6 Bxd6 37. Bxd6 Nxd6 38. g4 Nc4 39. h4
Ne3 40. h5 g5 41. Kb2 Nxg2 42. Kb3 Ne3 43. Kb4 Nxg4 44. Ka5 Ne5 45. Ka6 Nc4 46.
Kxa7 g4 47. Kb7 0-1

[Event "ODJM B 2023"]
[Site "Willingen GER"]
[Date "2023.05.31"]
[Round "5"]
[White "Pac, Maksym"]
[Black "Menne, Lukas"]
[Result "1-0"]
[Termination "normal"]
[Board "43"]
[WhiteElo "1249"]
[BlackElo "1273"]
[PlyCount "103"]
[WhiteFideId "34623558"]
[BlackFideId "16288467"]
[EventCountry "GER"]
[EventRounds "9"]
[EventType "swiss"]
[EventDate "2023.05.27"]

1. d4 d5 2. Nc3 Nf6 3. Bf4 Bf5 4. f3 e6 5. g4 Bg6 6. h4 h5 7. g5 Nfd7 8. e3 c5
9. Nb5 Na6 10. Bd3 Bxd3 11. Qxd3 Qa5+ 12. Nc3 cxd4 13. exd4 Rc8 14. Nge2 Nb4
15. Qd1 g6 16. a3 Nc6 17. Qd2 Bg7 18. Rd1 Nb6 19. b4 Qxa3 20. Nb5 Qxf3 21. Rf1
Qg4 22. Nd6+ Kd7 23. Nxc8 Rxc8 24. Bg3 Rf8 25. Rf4 Qh3 26. b5 Nxd4 27. Rxd4
Bxd4 28. Qxd4 Qf5 29. c4 f6 30. c5 Nc8 31. c6+ bxc6 32. bxc6+ Ke8 33. Qa4 fxg5
34. c7+ Kf7 35. Qd7+ Kg8 36. hxg5 Nb6 37. Qe7 Qf1+ 38. Kd2 Nc4+ 39. Kc1 Qf5 40.
Nd4 Qe4 41. Nxe6 Qe3+ 42. Kc2 Qe2+ 43. Kc3 Qe3+ 44. Rd3 Qc1+ 45. Kd4 Qb2+ 46.
Kxd5 Qb5+ 47. Nc5 Rf5+ 48. Be5 Rxe5+ 49. Qxe5 Nb6+ 50. Ke4 Qc4+ 51. Qd4 Qxd4+
52. Rxd4 1-0

[Event "ODJM B 2023"]
[Site "Willingen GER"]
[Date "2023.05.31"]
[Round "5"]
[White "Borgert, Alexander"]
[Black "Goda, Maurice"]
[Result "1-0"]
[Termination "normal"]
[Board "44"]
[WhiteElo "1516"]
[BlackElo "1453"]
[PlyCount "53"]
[WhiteFideId "16289188"]
[BlackFideId "34640940"]
[EventCountry "GER"]
[EventRounds "9"]
[EventType "swiss"]
[EventDate "2023.05.27"]

1. d4 d5 2. c4 e6 3. Nc3 Nf6 4. cxd5 Nxd5 5. e4 Nb6 6. Nf3 Bb4 7. a3 Be7 8. Bf4
Nc6 9. Bb5 Bd7 10. Rc1 a6 11. Bxc6 Bxc6 12. Ne5 Bb5 13. Nxb5 axb5 14. Nxf7 Kxf7
15. Bxc7 Qd7 16. Bxb6 Rhc8 17. O-O Rc6 18. Qh5+ Kg8 19. Qxb5 Rac8 20. d5 exd5
21. exd5 Qd6 22. dxc6 bxc6 23. Qc4+ Kh8 24. Bc5 Qd7 25. Bxe7 Qxe7 26. Rfe1 Qd7
27. Qe6 1-0

[Event "ODJM B 2023"]
[Site "Willingen GER"]
[Date "2023.05.31"]
[Round "5"]
[White "Reger, Christoph"]
[Black "Oblender, Rudi"]
[Result "1/2-1/2"]
[Termination "normal"]
[Board "45"]
[WhiteElo "1129"]
[BlackElo "1391"]
[PlyCount "65"]
[WhiteFideId "16287606"]
[BlackFideId "34625089"]
[EventCountry "GER"]
[EventRounds "9"]
[EventType "swiss"]
[EventDate "2023.05.27"]

1. d4 d5 2. Bf4 Nf6 3. e3 g6 4. Nc3 Bg7 5. h4 c6 6. Bd3 Nbd7 7. g4 Nb6 8. f3
Nfd7 9. Nge2 e5 10. Bg3 exd4 11. exd4 c5 12. dxc5 Nxc5 13. Nb5 O-O 14. h5 Qf6
15. Nbd4 Ne6 16. Nxe6 fxe6 17. hxg6 hxg6 18. Nf4 Qe5+ 19. Qe2 Rxf4 20. Qxe5
Bxe5 21. Bxf4 Bxf4 22. Bxg6 Be5 23. g5 Bxb2 24. Bh7+ Kg7 25. Rd1 Be5 26. Kf2
Bf4 27. Rdg1 Nc4 28. Ke2 e5 29. Bd3 e4 30. fxe4 Ne5 31. exd5 Nxd3 32. Kxd3 Bf5+
33. Kd4 1/2-1/2

[Event "ODJM B 2023"]
[Site "Willingen GER"]
[Date "2023.05.31"]
[Round "5"]
[White "Schirmer, Sara"]
[Black "Brandt, Greta"]
[Result "1/2-1/2"]
[Termination "normal"]
[Board "46"]
[WhiteElo "1406"]
[BlackElo "1444"]
[PlyCount "79"]
[WhiteFideId "16297580"]
[BlackFideId "34605860"]
[EventCountry "GER"]
[EventRounds "9"]
[EventType "swiss"]
[EventDate "2023.05.27"]

1. e4 d5 2. exd5 Nf6 3. Nc3 Nxd5 4. Nxd5 Qxd5 5. c4 Qe4+ 6. Qe2 Bf5 7. d3 Qxe2+
8. Bxe2 c5 9. Be3 e6 10. O-O-O Nc6 11. Nf3 Be7 12. h3 Rd8 13. a3 a6 14. g4 Bg6
15. Bf4 b5 16. Ne5 Nxe5 17. Bxe5 f6 18. Bc7 Rc8 19. Bf4 e5 20. Be3 Bd6 21. Rhf1
O-O 22. f4 Bf7 23. f5 Rfe8 24. Rf2 Re7 25. g5 fxg5 26. Bxg5 Rb7 27. Rg2 Kf8 28.
Rg4 a5 29. Kc2 Rcb8 30. Bd2 bxc4 31. dxc4 Rxb2+ 32. Kc1 Rb1+ 33. Kc2 R8b2+ 34.
Kd3 Rb3+ 35. Bc3 Rxd1+ 36. Bxd1 Rb8 37. a4 Bc7 38. Re4 Rd8+ 39. Kc2 Re8 40. Kd3
1/2-1/2